Responses for show #5187 - Tuesday, March 13, 2007

Contestants

Tom Gort, a prosecutor from Winona, Minnesota

Pat Cantor, a professor of education from Concord, New Hampshire

Jennifer Gotcher, a homemaker from Costa Mesa, California (whose 1-day cash winnings total $40,001)

Jeopardy! Round responses

REAL MEN OF GENIUS
CARTOON FEMALES
COUPONS FOLKS MIGHT WANT
"P"LACES ON THE MAP
WOMEN'S FIRSTS
_____ OF _____
    $200 16
T. S. Eliot

Jennifer
    $200 1
Betty Boop

Pat
    $200 26
United

Pat
    $200 12
Pennsylvania

Jennifer
    $200 7
Florence Nightingale

Tom
    $200 2
the Age of Aquarius

Pat
    $400 17
(Jonas) Salk

Pat
    $400 22
(Alex: Yes, Olive Oyl there.)

Popeye and Bluto

Jennifer
    $400 27
Shell Oil

Triple Stumper
    $400 13
Portland

Jennifer
    $400 8
Mount Everest

Pat
    $1,000 3
The Merchant of Venice

Pat
    $600 18
Gutenberg

Jennifer
    $600 23
(Alex: Yes, that was Jessica.)

Who Framed Roger Rabbit

Jennifer
    $600 28
Harvard

Tom
    $600 14
Paraguay

Tom
    $600 9
California

Tom
    $600 4
the Declaration of Independence

Tom
    $800 19
(Pat: Who was [*last name]?)
(Alex: Which one?)
(Pat: [*first name].)

Pierre Curie

Pat
    $800 24
Josie & the Pussycats

Tom
    $800 29
the New York Yankees

Tom
    $800 15
Paris

Tom
    $800 10
Bette Davis

Tom
    $800 5
the Ring of Fire

Tom
    $1000 20
(Pat: Who was Goya?)
(Tom: Who was Degas?)

Diego Velázquez

PatTom
Triple Stumper
    $1000 25
Vampirella

Jennifer
    $1000 30
Mercedes

Jennifer
    $1000 21
(Jennifer: What is Parma?)

Padua

JenniferTom
    $1000 11
the Air Force Academy

Tom
    $1000 6
The Barber of Seville

Tom

Scores at the first commercial break (after clue 15):

Jennifer Pat Tom
$600 $1,800 $6,400

Scores at the end of the Jeopardy! Round:

Jennifer Pat Tom
$3,400 $2,200 $8,600

Double Jeopardy! Round responses

HISTORIC AMERICA
THE PEABODY AWARDS
LITERARY BROTHERS
ECONOMICS
I JUST SAW A GHOST!
"BOO"!
    $400 21
Library of Congress

Tom
    $400 26
Boston Legal

Pat
    $400 1
(Jennifer: Who is Lord Byron?)

Tennyson

JenniferPat
    $400 16
the peso

Tom
    $400 11
the Tower of London

Tom
    $400 6
bootleggers

Jennifer
    $800 22
Nathaniel Hawthorne

Pat
    $800 27
Bob Dylan

Tom
    $800 2
A.E. Housman

Pat
    $800 17
disposable

Jennifer
    $800 12
Amityville

Tom
    $800 7
a boomtown

Jennifer
    $1200 23
Atchison

Tom
    $1200 28
Chesapeake Bay

Pat
    $1200 3
Evelyn Waugh

Pat
    $1200 18
stagflation

Jennifer
    $1200 13
a nun

Jennifer
    $1200 8
bookkeeping

Jennifer
    $2,000 24
(Tom: Who is Jacques [*]?)
(Alex: No, sorry. You changed his first name. It's [*], not Jacques.)

Jean Lafitte

Tom
    $1600 29
Meet the Press

Tom
    $2,000 4
Rossetti

Pat
    $1600 19
competition

Tom
    $1600 14
a poltergeist

Jennifer
    $1600 9
booster

Pat
    $2000 25
King Kamehameha

Jennifer
    $2000 30
(Slobodan) Milosevic

Tom
    $2000 5
Karel Capek

Triple Stumper
    $2000 20
Milton Friedman

Jennifer
    $2000 15
"Mad Anthony" Wayne

Triple Stumper
    $2000 10
Boolean logic

Pat

Scores at the end of the Double Jeopardy! Round:

Jennifer Pat Tom
$14,200 $12,600 $15,800

[wagering suggestions for these scores]

Final Jeopardy! Round responses

HEALTH & MEDICINE
PatWhat [are crossed out] are peanuts?
$10,600
JenniferWhat are peanuts?
$14,200
TomWhat are peanuts?
$2,601
peanuts

Final scores:

Jennifer Pat Tom
$28,400 $23,200 $18,401
2-day champion: $68,401 2nd place: $2,000 3rd place: $1,000

Game dynamics:

Coryat scores:

Jennifer Pat Tom
$14,200 $11,600 $17,800
17 R,
2 W
16 R
(including 2 DDs),
1 W
22 R,
2 W
(including 1 DD)

Combined Coryat: $43,600

The J! Archive is created by fans, for fans. The Jeopardy! game show and all elements thereof, including but not limited to copyright and trademark thereto, are the property of Jeopardy Productions, Inc. and are protected under law. This website is not affiliated with, sponsored by, or operated by Jeopardy Productions, Inc. Join the discussion at JBoard.tv.